000 00763nam a2200229 4500
001 136512
003 ES-MaACL
005 20250415213643.0
007 t|
008 070214s1974 sp r ||||1| spa d
100 1 _aRussell, Bertrand,
_d1872-1970
_9101033
245 1 3 _aLa perspectiva científica /
_cBertrand Russell ; traducción... de G. Sans Huelin, revisada por Manuel Sacristán.
250 _a4ª ed.
260 _aEsplugues de Llobregat :
_bAriel,
_c1974.
300 _a221 p. ;
_c18 cm.
490 1 _aAriel quincenal
700 1 _aSans Huelin, Guillermo.
_9103207
700 1 _aSacristán, Manuel,
_d1925-1985
_9101268
830 0 _aAriel quincenal
_9180806
852 _aES-MaACL
_jE-6711
_bR.90804
999 _c136512
_d136512